| 000 | 00950cam a2200277 a 4500 | ||
|---|---|---|---|
| 001 | 19154 | ||
| 003 | BD-RjUL | ||
| 005 | 20211209000407.0 | ||
| 008 | 140223t1963 enk b 001 0 eng | ||
| 035 | _a(BD-RjUL)19212 | ||
| 035 | _a(OCoLC)350352 | ||
| 040 |
_aDLC _cWSU _dSER _dBD-RjUL _beng |
||
| 041 | _aeng | ||
| 082 | 0 | 4 |
_a823.91 _bCOF 1963 |
| 100 | 1 |
_aCox, Brian, _d1928-2008 _958959 |
|
| 245 | 1 | 4 |
_aThe free spirit : _ba study of liberal humanism in the novels of George Eliot, Henry James, E.M. Forster, Virginia Woolf [and] Angus Wilson / |
| 260 |
_aLondon : _bOxford University Press , _cc1963. |
||
| 300 |
_a195 p. ; _c23 cm. |
||
| 504 | _aIncludes bibliographical reference and index, | ||
| 650 | 0 |
_aEnglish fiction _y19th century _xHistory and criticism _956557 |
|
| 650 | 0 |
_aEnglish fiction _y20th century _xHistory and criticism _954401 |
|
| 650 | 0 |
_aHumanism _958960 |
|
| 942 |
_2ddc _cBK |
||
| 999 |
_c19154 _d19154 |
||